000
00296nam a22001337a 4500
008
170605b xxu||||| |||| 00| 0 eng d
020
_a
9780762102587
041
_a
eng
080
_a
93
100
_a
18
101
_a
SHH
245
_a
THE WAY WE LIVED
_c
THE EVENTIFUL CENTURY
942
_2
udc
_c
BK
999
_c
15964
_d
15964